000 00584nam a2200229Ia 4500
003 OSt
005 20221005131531.0
006 a|||||r|||| 00| 0
007 ta
008 221004b |||||||| |||| 00| 0 eng d
024 _a60171
037 _cTextual
040 _aCRL
_cCRL
_beng
041 _2eng
_aeng
082 _aV2:5:L1, G0
100 _aShah K T
245 0 _aSplendour that was India
_b A survey of Indian culture and civilisation.
260 _c1930
650 _aHISTORY
942 _hV2:5:L1, G0
_cTEXL
_2cc
999 _c1060624
_d1060624